LEADER 00738nam0-22002891i-450- 001 990000417970403321 005 20001010 035 $a000041797 035 $aFED01000041797 035 $a(Aleph)000041797FED01 035 $a000041797 100 $a20001010d--------km-y0itay50------ba 101 0 $aita 105 $ay-------001yy 200 1 $aCATALOGUE GENERAL 1965 - 1966 210 $aParis$cEyrolles$d(1967?) 215 $aXXIII, 326 p.$cill.$d22 cm 610 0 $aCataloghi 676 $a659.13 801 0$aIT$bUNINA$gRICA$2UNIMARC 901 $aBK 912 $a990000417970403321 952 $a08 E 19$b5488 (AT)$fDINED 959 $aDINED 996 $aCATALOGUE GENERAL 1965 - 1966$9326960 997 $aUNINA DB $aING01 LEADER 01947nam 2200397 n 450 001 996390267503316 005 20200824120916.0 035 $a(CKB)4940000000101961 035 $a(EEBO)2240866434 035 $a(UnM)99840348e 035 $a(UnM)99840348 035 $a(EXLCZ)994940000000101961 100 $a19910212d1613 uy | 101 0 $aeng 135 $aurbn||||a|bb| 200 14$aThe path-vvay to knovvledge$b[electronic resource] $econtaining the whole art of arithmeticke, both in whole numbers and fractions; with the extraction of roots; as also a briefe introduction or entrance into the art of cossicke numbers, with many pleasant questions wrought thereby. Digested into a plaine and easie methode by way of dialogue, for the better vnderstanding of the learners thereof. Wherewith is also adioyned a briefe order for the keeping of marchants bookes of accompts, by way of debitor and creditor 210 $aAt London $cPrinted by Th: Purfoot, for Tho: Pauier$dAn. 1613 215 $a[8], 375, [49] p 300 $aDedication signed: Iohn Tap. 300 $aPartly based on Guillaume Gosselin's French translation of Niccolo? Tartaglia, and partly translated from Valentin Mennher. 300 $a"An. Dom. 1612. The iournall or dayes booke marked with the letter A" and "An. Dom. 1612. The leager or booke of debitor and creditor, marked with this letter A" have divisional title pages. 300 $aReproduction of the original in the British Library. 330 $aeebo-0018 606 $aArithmetic$vEarly works to 1900 615 0$aArithmetic 700 $aTapp$b John$ffl. 1596-1615.$01006524 701 $aTartaglia$b Niccolo?$fd. 1557.$0348746 701 $aMennher$b Valentin$01009028 801 0$bCu-RivES 801 1$bCu-RivES 801 2$bCStRLIN 801 2$bWaOLN 906 $aBOOK 912 $a996390267503316 996 $aThe path-vvay to knovvledge$92328679 997 $aUNISA